000 00440nam a2200157 i 4500
001 32786
003 ES-MaACL
005 20230906154632.0
007 t|
008 030131s1960 sp ||||1| spa d
100 1 _aBertrana, Aurora.
_928513
245 1 0 _aAriatea /
_cAurora Bertrana.
260 _aBarcelona :
_bAlberti,
_c1960 (
_eGerona :
_fIndustries Litografiques)
300 _a164 p. ;
_c14 cm.
852 _aES-MaACL
_jD-6230
_bR.47411
999 _c32786
_d32786